| 000 | 00000nam##2200000za#4500 |
| 001 | 9.693051 |
| 003 | CaOODSP |
| 005 | 20210624233505 |
| 007 | cr ||||||||||| |
| 008 | 150407|2005||||xxc|||||o f|0| 0 eng|d |
| 020 | |a978-1-100-14782-6 |
| 040 | |aCaOODSP|beng |
| 043 | |an-cn--- |
| 086 | 1 |aM144-112/2005E-PDF |
| 110 | 1 |aCanada.|bNatural Resources Canada. |bOffice of Energy Efficiency. |
| 245 | 10|aIdling gets you nowhere / |h[electronic resource]|cproduced by ... Fleet Vehicle Initiative (FleetSmart). |
| 260 | |aOttawa - Ontario : |bNatural Resources Canada. |cc2006. |
| 300 | |a19p. |
| 500 | |aAt head of title: FleetSmart. The catalogue number (M144-112/2005E) and ISBN (0-662-42073-x) for the print edition have been incorrectly copied in this electronic publication. |
| 590 | |a13-05-Supp|b2013-02-27 |
| 690 | 07|aAutomobiles|2gcpds |
| 690 | 07|aEnergy efficiency|2gcpds |
| 775 | 08|tTourner au ralenti, c'est tourner en rond / |w(CaOODSP)9.637254 |
| 776 | 0#|tIdling gets you nowhere / |w(CaOODSP)9.649942 |
| 856 | 40|ahttp://publications.gc.ca|qPDF|s353 KB|uhttps://publications.gc.ca/collections/collection_2013/rncan-nrcan/M144-112-2005-eng.pdf |